[Event "IND-ch U19 Girls 25th"]
[Site "Puri"]
[Date "2010.10.09"]
[Round "11"]
[White "Chandika, Divyasree"]
[Black "Ramya, Krishna Inapuri"]
[Result "1/2-1/2"]
[WhiteElo "2132"]
[BlackElo "2153"]
[PlyCount "61"]
[EventDate "2010.10.01"]
[EventType "tourn"]
[EventRounds "11"]
[EventCountry "IND"]
[SourceTitle "CBM 138 Extra"]
[Source "ChessBase"]
[SourceDate "2010.10.29"]
[SourceVersion "1"]
[SourceVersionDate "2010.10.29"]
[SourceQuality "1"]

1. e4 d5 2. exd5 Qxd5 3. Nc3 Qd6 4. Nf3 Nf6 5. d4 a6 6. Ne5 Nc6 7. Nxc6 Qxc6 8. Be3 Bf5 9. Be2 Qxg2 10. Bf3 Qg6 11. Bxb7 Rb8 12. Qf3 Nd7 13. Nd5 Rxb7 14. Nf6+ exf6 15. Qxb7 Be7 16. 0-0-0 0-0 17. Rhg1 Qh5 18. Qxc7 Bd8 19. Qc4 a5 20. d5 Ne5 21. Qb5 Bd7 22. Qb7 Qf5 23. Rd4 a4 24. Rgd1 Ba5 25. Rf4 Qg6 26. Qa7 Rc8 27. Bc5 Qg5 28. Be3 Qg6 29. Bc5 Qg5 30. Be3 Qg6 31. Bc5 1/2-1/2

[Event "IND-ch U19 Girls 25th"]
[Site "Puri"]
[Date "2010.10.02"]
[Round "3"]
[White "Chandika, Divyasree"]
[Black "Sahajasri, Cholleti"]
[Result "1-0"]
[WhiteElo "2132"]
[BlackElo "2018"]
[PlyCount "57"]
[EventDate "2010.10.01"]
[EventType "tourn"]
[EventRounds "11"]
[EventCountry "IND"]
[SourceTitle "CBM 138 Extra"]
[Source "ChessBase"]
[SourceDate "2010.10.29"]
[SourceVersion "1"]
[SourceVersionDate "2010.10.29"]
[SourceQuality "1"]

1. e4 c5 2. Nf3 d6 3. d4 cxd4 4. Nxd4 Nf6 5. Nc3 a6 6. h3 e5 7. Nde2 h6 8. g4 Nbd7 9. Ng3 Nc5 10. Be3 b5 11. Bg2 Bb7 12. Qd2 Qc7 13. 0-0 Ne6 14. Nd5 Nxd5 15. exd5 Nc5 16. f4 0-0-0 17. Rac1 exf4 18. Rxf4 Kb8 19. b4 Na4 20. c4 Qd7 21. Bf1 g5 22. Qd4 Ba8 23. Rf2 Rg8 24. cxb5 Bg7 25. Qd3 axb5 26. Nf5 Nb2 27. Qxb5+ Qxb5 28. Bxb5 Be5 29. Nd4 1-0

[Event "IND-chB (Women)"]
[Site "Shilpgram"]
[Date "2010.08.20"]
[Round "1"]
[White "Savant, Riya"]
[Black "Chandika, Divyasree"]
[Result "1-0"]
[WhiteElo "1563"]
[BlackElo "2113"]
[PlyCount "67"]
[EventDate "2010.08.20"]
[EventType "swiss"]
[EventRounds "11"]
[EventCountry "IND"]
[SourceTitle "CBM 138 Extra"]
[Source "ChessBase"]
[SourceDate "2010.10.29"]
[SourceVersion "1"]
[SourceVersionDate "2010.10.29"]
[SourceQuality "1"]

1. d4 Nf6 2. c4 e6 3. Nf3 d5 4. Bg5 h6 5. Bh4 Nbd7 6. Nc3 Be7 7. e3 0-0 8. Bd3 c5 9. cxd5 cxd4 10. Nxd4 Nxd5 11. Bxe7 Qxe7 12. Nxd5 exd5 13. 0-0 Ne5 14. Bf5 Be6 15. Rc1 Rad8 16. b3 Qf6 17. Bxe6 fxe6 18. f4 Nf7 19. Rc7 e5 20. fxe5 Qxe5 21. Rxb7 Qxe3+ 22. Kh1 Nd6 23. Re1 Qxe1+ 24. Qxe1 Nxb7 25. h3 Rde8 26. Qb4 Nd8 27. Qa5 Nf7 28. Qxd5 Re1+ 29. Kh2 Rd1 30. Qc4 Re8 31. Nf5 Re5 32. Nxh6+ gxh6 33. Qg4+ Ng5 34. Qxd1 1-0

[Event "Commonwealth-ch"]
[Site "New Delhi"]
[Date "2010.05.10"]
[Round "2"]
[White "Chandika, Divyasree"]
[Black "Narayanan, Srinath"]
[Result "0-1"]
[WhiteElo "2114"]
[BlackElo "2393"]
[PlyCount "82"]
[EventDate "2010.05.10"]
[EventType "swiss"]
[EventRounds "11"]
[EventCountry "IND"]
[SourceTitle "CBM 136 Extra"]
[Source "ChessBase"]
[SourceDate "2010.07.02"]
[SourceVersion "2"]
[SourceVersionDate "2010.07.15"]
[SourceQuality "1"]

1. e4 e5 2. Nf3 Nc6 3. Nc3 Nf6 4. Bb5 Nd4 5. Bc4 Bc5 6. Nxe5 Qe7 7. Nf3 d5 8. Nxd4 dxc4 9. Nf3 Nxe4 10. 0-0 Bf5 11. b4 Bxb4 12. Nd5 Qc5 13. Nxb4 Qxb4 14. a4 0-0-0 15. c3 Qa5 16. Nd4 Bg6 17. Qg4+ f5 18. Qf4 Rhe8 19. f3 Nc5 20. Ba3 Nd3 21. Qg3 a6 22. Rfb1 Qd5 23. f4 Re4 24. Rf1 c5 25. Nc2 Re2 26. Ne3 Qe4 27. Rad1 Bh5 28. Qg5 Rxe3 29. Qxh5 Re2 30. Qg5 Re8 31. h3 Ne1 32. Rdxe1 Rxe1 33. Rxe1 Qxe1+ 34. Kh2 g6 35. Bxc5 Qxd2 36. Bd4 Re4 37. Kg3 Re2 38. Kh2 b5 39. axb5 axb5 40. h4 b4 41. h5 Rxg2+ 0-1

[Event "IND-ch U20 Girls"]
[Site "Chennai"]
[Date "2009.09.28"]
[Round "11"]
[White "Chandika, Divyasree"]
[Black "Sathya, Priya SV"]
[Result "1-0"]
[WhiteElo "2121"]
[BlackElo "1907"]
[PlyCount "39"]
[EventDate "2009.09.20"]
[EventType "swiss"]
[EventRounds "11"]
[EventCountry "IND"]
[SourceTitle "CBM 132 Extra"]
[Source "ChessBase"]
[SourceDate "2009.11.03"]
[SourceVersion "1"]
[SourceVersionDate "2009.11.03"]
[SourceQuality "1"]

1. e4 c5 2. Nf3 e6 3. d4 cxd4 4. Nxd4 a6 5. Bd3 Bc5 6. Nb3 Ba7 7. Qg4 Nf6 8. Qg3 d6 9. Nc3 b5 10. 0-0 0-0 11. Bg5 e5 12. Nd5 Nbd7 13. a4 bxa4 14. Rxa4 Kh8 15. Na5 Bb8 16. Qh4 h6 17. Nc6 Qe8 18. Nxf6 Nxf6 19. Bxf6 Qxc6 20. Qxh6+ 1-0

[Event "IND-ch U20 Girls"]
[Site "Chennai"]
[Date "2009.09.27"]
[Round "10"]
[White "Preethi, Rajkumar"]
[Black "Chandika, Divyasree"]
[Result "1-0"]
[WhiteElo "2081"]
[BlackElo "2121"]
[PlyCount "95"]
[EventDate "2009.09.20"]
[EventType "swiss"]
[EventRounds "11"]
[EventCountry "IND"]
[SourceTitle "CBM 132 Extra"]
[Source "ChessBase"]
[SourceDate "2009.11.03"]
[SourceVersion "1"]
[SourceVersionDate "2009.11.03"]
[SourceQuality "1"]

1. e4 e5 2. Bc4 Nc6 3. Ne2 Bc5 4. d3 Nf6 5. Ng3 0-0 6. 0-0 d5 7. exd5 Bg4 8. Qe1 Nxd5 9. c3 Bb6 10. a4 a5 11. Kh1 Be6 12. Na3 Qd7 13. Bb5 Nf4 14. Bxf4 exf4 15. Ne4 Qd5 16. Qe2 Qf5 17. d4 Qg6 18. Qf3 Ne7 19. Qxf4 Nd5 20. Qh4 c6 21. Bd3 Bd8 22. Qg3 Qh6 23. Qf3 Bc7 24. Ng3 Nf4 25. Bc4 Qh4 26. Rfe1 Rae8 27. Re4 Bg4 28. Rxf4 Bxf4 29. Qxf4 g5 30. Qf6 Be6 31. Nf5 Bxf5 32. Qxf5 Kg7 33. Nc2 Qf4 34. Qxf4 gxf4 35. g3 fxg3 36. hxg3 Re7 37. Kg2 Rb8 38. Bd3 h6 39. Ne3 Re6 40. Nf5+ Kf8 41. Rh1 b5 42. axb5 cxb5 43. Nxh6 Ke8 44. Nf5 Kd7 45. Ne3 Ree8 46. Rh5 Kc6 47. Rc5+ Kd6 48. Nf5+ 1-0

[Event "IND-ch U20 Girls"]
[Site "Chennai"]
[Date "2009.09.25"]
[Round "8"]
[White "Nandhidhaa, PV."]
[Black "Chandika, Divyasree"]
[Result "1/2-1/2"]
[WhiteElo "1919"]
[BlackElo "2121"]
[PlyCount "154"]
[EventDate "2009.09.20"]
[EventType "swiss"]
[EventRounds "11"]
[EventCountry "IND"]
[SourceTitle "CBM 132 Extra"]
[Source "ChessBase"]
[SourceDate "2009.11.03"]
[SourceVersion "1"]
[SourceVersionDate "2009.11.03"]
[SourceQuality "1"]

1. e4 e5 2. Nf3 Nc6 3. Nc3 Nf6 4. Bb5 Bb4 5. 0-0 0-0 6. d3 d6 7. Bg5 Bxc3 8. bxc3 Qe7 9. Nd2 h6 10. Bh4 Nd8 11. Qf3 g5 12. Bg3 Ne6 13. Rfe1 Nf4 14. d4 Bg4 15. Qe3 Kh7 16. f3 Be6 17. Bf2 Rg8 18. g3 Bh3 19. Bf1 Qe6 20. Kh1 Bxf1 21. Rxf1 Ng6 22. Qe2 Rge8 23. Be3 Kg8 24. Kg1 d5 25. dxe5 Qxe5 26. Bd4 Qe7 27. Qf2 dxe4 28. fxe4 Nd7 29. Qe2 c5 30. Be3 Kg7 31. Rf5 b6 32. Raf1 Nde5 33. Qh5 Rh8 34. Nf3 f6 35. Nxe5 Nxe5 36. Rxf6 Qxf6 37. Rxf6 Kxf6 38. Qd1 Rad8 39. Qf1+ Kg7 40. Qf5 Rde8 41. Qf2 Rhf8 42. Qe2 Kg6 43. Kg2 Re7 44. h4 gxh4 45. gxh4 Kh7 46. Qh5 Rg7+ 47. Bg5 Nf7 48. Kh2 Nxg5 49. hxg5 Rxg5 50. Qh3 Kg7 51. Qd7+ Rf7 52. Qh3 Re7 53. Qf3 Rge5 54. Qg4+ Kh7 55. Kh3 Rxe4 56. Qf5+ Kg7 57. Kg2 R4e5 58. Qc8 Rf7 59. Qh3 Rg5+ 60. Kh2 Rf2+ 61. Kh1 Rff5 62. Qd3 Rd5 63. Qe4 Kf6 64. Qf4+ Ke6 65. Qe4+ Kd6 66. Qf4+ Kc6 67. Qe4 Rge5 68. Qf3 c4 69. Qf6+ Kb5 70. a4+ Kxa4 71. Qc6+ Ka5 72. Qxc4 b5 73. Qc7+ Ka6 74. Qc6+ Ka5 75. Qc7+ Ka6 76. Qc6+ Ka5 77. Qc7+ Ka6 1/2-1/2

[Event "IND-ch U20 Girls"]
[Site "Chennai"]
[Date "2009.09.24"]
[Round "7"]
[White "Chandika, Divyasree"]
[Black "Pon, Namasivayam Krithik"]
[Result "1/2-1/2"]
[WhiteElo "2121"]
[BlackElo "2215"]
[PlyCount "60"]
[EventDate "2009.09.20"]
[EventType "swiss"]
[EventRounds "11"]
[EventCountry "IND"]
[SourceTitle "CBM 132 Extra"]
[Source "ChessBase"]
[SourceDate "2009.11.03"]
[SourceVersion "1"]
[SourceVersionDate "2009.11.03"]
[SourceQuality "1"]

1. e4 Nf6 2. e5 Nd5 3. d4 d6 4. c4 Nb6 5. exd6 cxd6 6. Nc3 g6 7. Be3 Bg7 8. Rc1 0-0 9. b3 e5 10. dxe5 dxe5 11. Qxd8 Rxd8 12. c5 N6d7 13. Bc4 Nf8 14. Nb5 Nc6 15. Nd6 Ne6 16. Nf3 Bf8 17. Rd1 Bxd6 18. Rxd6 Rxd6 19. cxd6 Kg7 20. Ke2 e4 21. Ng5 Nxg5 22. Bxg5 Nd4+ 23. Ke3 Nf5+ 24. Kxe4 Nxd6+ 25. Kd4 Nxc4 26. Kxc4 Be6+ 27. Kc3 Rc8+ 28. Kb2 Bd5 29. Rg1 Be4 30. Be3 Rc2+ 1/2-1/2